Our knowledge of the external world as a field for scientific method in philosophy / (Record no. 48257)

000 -LEADER
fixed length control field 01226cam a2200337 a 4500
001 - CONTROL NUMBER
control field 9173914
003 - CONTROL NUMBER IDENTIFIER
control field Nust
005 - DATE AND TIME OF LATEST TRANSACTION
control field 20180709082420.0
008 - FIXED-LENGTH DATA ELEMENTS--GENERAL INFORMATION
fixed length control field 770808s1914 ilu b 001 0 eng
010 ## - LIBRARY OF CONGRESS CONTROL NUMBER
LC control number 14018110
020 ## - INTERNATIONAL STANDARD BOOK NUMBER
International Standard Book Number 0415096057
Terms of availability Rs. 1020
038 ## - RECORD CONTENT LICENSOR
Staff Name Arshad
040 ## - CATALOGING SOURCE
Original cataloging agency DLC
Transcribing agency DLC
Modifying agency DLC
050 00 - LIBRARY OF CONGRESS CALL NUMBER
Classification number B1649.R93
Item number O8
051 ## - LIBRARY OF CONGRESS COPY, ISSUE, OFFPRINT STATEMENT
Classification number B1649.R93
Item number O8 Copy 3
Copy information In original dust jacket.
082 ## - DEWEY DECIMAL CLASSIFICATION NUMBER
Classification number 192
Author Mark RUS
100 1# - MAIN ENTRY--PERSONAL NAME
Personal name Russell, Bertrand,
Dates associated with a name 1872-1970.
9 (RLIN) 1985
245 10 - TITLE STATEMENT
Title Our knowledge of the external world as a field for scientific method in philosophy /
Statement of responsibility, etc. by Bertrand Russell.
260 ## - PUBLICATION, DISTRIBUTION, ETC.
Place of publication, distribution, etc. Chicago :
Name of publisher, distributor, etc. The Open Court Publishing Co.,
Date of publication, distribution, etc. 1914.
300 ## - PHYSICAL DESCRIPTION
Extent ix, 251 p. ;
Dimensions 23 cm.
500 ## - GENERAL NOTE
General note "Delivered as Lowell Lectures in Boston, in March and April 1914"--Pref.
504 ## - BIBLIOGRAPHY, ETC. NOTE
Bibliography, etc. note Includes bibliographical references and index.
650 #0 - SUBJECT ADDED ENTRY--TOPICAL TERM
Topical term or geographic name entry element Knowledge, Theory of.
9 (RLIN) 1794
650 #0 - SUBJECT ADDED ENTRY--TOPICAL TERM
Topical term or geographic name entry element Logical atomism.
9 (RLIN) 11448
710 2# - ADDED ENTRY--CORPORATE NAME
Corporate name or jurisdiction name as entry element Oliver Wendell Holmes Collection (Library of Congress)
Institution to which field applies DLC
9 (RLIN) 11507
830 #0 - SERIES ADDED ENTRY--UNIFORM TITLE
Uniform title Lowell Institute lectures ;
Volume/sequential designation 1914.
9 (RLIN) 11508
906 ## - LOCAL DATA ELEMENT F, LDF (RLIN)
a 7
b cbc
c premver
d 1
e ncip
f 19
g y-genrareb
942 ## - ADDED ENTRY ELEMENTS (KOHA)
Source of classification or shelving scheme
Koha item type Book
Holdings
Withdrawn status Lost status Source of classification or shelving scheme Damaged status Not for loan Collection code Permanent Location Current Location Shelving location Date acquired Total Checkouts Total Renewals Full call number Barcode Date last seen Date last checked out Copy number Price effective from Koha item type
            Central Library (CL) Central Library (CL) Book Cart 01/13/2017 2 1 192 RUS CL711 05/04/2026 03/04/2026 1 01/13/2017 Book
© 2023 Central Library, National University of Sciences and Technology. All Rights Reserved.